<?xml version="1.0" encoding="utf-8"?>
<?xml-stylesheet type='text/xsl' href='./oai2.xsl'?>
<OAI-PMH xmlns="http://www.openarchives.org/OAI/2.0/" xmlns:xsi="http://www.w3.org/2001/XMLSchema-instance" xsi:schemaLocation="http://www.openarchives.org/OAI/2.0/ http://www.openarchives.org/OAI/2.0/OAI-PMH.xsd">
  <responseDate>2026-04-29T07:11:12Z</responseDate>
  <request verb="GetRecord" metadataPrefix="marcxml" identifier="record_kuniweb_1290046">https://kulturerbe.niedersachsen.de/oai</request>
  <GetRecord>
    <record>
      <header>
        <identifier>record_kuniweb_1290046</identifier>
        <datestamp>2026-03-31T19:09:18Z</datestamp>
        <setSpec>slg0121</setSpec>
      </header>
      <metadata>
        <marc:record xmlns:marc="http://www.loc.gov/MARC21/slim" xsi:schemaLocation="http://www.loc.gov/MARC21/slim http://www.loc.gov/standards/marcxml/schema/MARC21slim.xsd">
          <marc:leader>12345nrm  22     uu 4500</marc:leader>
          <marc:controlfield tag="001">1290046</marc:controlfield>
          <marc:controlfield tag="003">http://kuniweb.gbv.de</marc:controlfield>
          <marc:controlfield tag="005">2019-08-15T17:17:04</marc:controlfield>
          <marc:controlfield tag="008">|           ||||||||||||||||||||||</marc:controlfield>
          <marc:datafield tag="245" ind1="1" ind2="0">
            <marc:subfield code="a">3 Böttger-Porzellanmedaillen: Hällische Historische Stücke 1922, 2. Serie</marc:subfield>
          </marc:datafield>
          <marc:datafield tag="655" ind1=" " ind2="7">
            <marc:subfield code="a">Münzen, Medaillen, Geldscheine</marc:subfield>
          </marc:datafield>
          <marc:datafield tag="046" ind1=" " ind2=" ">
            <marc:subfield code="k">1922</marc:subfield>
            <marc:subfield code="k">1922</marc:subfield>
          </marc:datafield>
          <marc:datafield tag="260" ind1=" " ind2=" ">
            <marc:subfield code="g">1922</marc:subfield>
            <marc:subfield code="g">1922</marc:subfield>
          </marc:datafield>
          <marc:datafield tag="300" ind1=" " ind2=" ">
            <marc:subfield code="a">Durchmesser: 40 mm
Breite: 11 cm (Karton)
Länge: 10 cm (Karton)</marc:subfield>
          </marc:datafield>
          <marc:datafield tag="520" ind1=" " ind2=" ">
            <marc:subfield code="a">Drei Böttger-Porzellanmedaillen mit verschiedenartigen Motiven auf der VS und gleicher RS, im Originalkarton.
Motive auf den Vorderseiten: Weiler Tor 1579, 
Tanzendes Paar und das Crailsheimer Tor 1431
Auf der Rückseite jeweils Solbad Schwäbisch Hall mit Wappen.
Der Karton ist aus Pappe und mit lilafarbigem Krepppapier ausgekleidet. Mit einem kleinen, verzierten Druckverschluss aus Metall.
Außen auf dem Deckel ist das Rathaus von Schwäbisch Hall abgebildet, innen befindet sich eine Papiereinlage mit Aufschrift. (Stadtmuseum Einbeck)

Inschrift:
auf den Vorderseiten: 1. KUMM DRAMPELE MIR WÖLLE DANZE KUMM DRAMPELE DANZ AH 2. oben CRAILSHEIMER TOR 1431, unten 20 3. oben WEILER TOR 1579, unten 20 auf der Rückseiten jeweils: Umschrift: SOLBAD SCHWÄBISCH HALL unter Solbad 1545, über Schwäbisch Hall 1922

Aufschrift:
außen auf dem Deckel Rathaus Schwäbisch Hall II. Serie Innenseite Deckel: Hällische Historische Stücke 1922</marc:subfield>
          </marc:datafield>
          <marc:datafield tag="650" ind1="1" ind2=" ">
            <marc:subfield code="a">Medaille</marc:subfield>
          </marc:datafield>
          <marc:datafield tag="650" ind1="1" ind2=" ">
            <marc:subfield code="a">Münze, Medaille, Zahlungsmittel &gt; Medaille &gt; Gedenkmedaille</marc:subfield>
          </marc:datafield>
          <marc:datafield tag="650" ind1="1" ind2=" ">
            <marc:subfield code="a">Schwäbisch Hall (Stuttgart, Baden-Württemberg)</marc:subfield>
          </marc:datafield>
          <marc:datafield tag="773" ind1="0" ind2=" ">
            <marc:subfield code="t">Sammlung Münz-und Geldgeschichte</marc:subfield>
          </marc:datafield>
          <marc:datafield tag="852" ind1=" " ind2=" ">
            <marc:subfield code="a">Stadtmuseum Einbeck</marc:subfield>
          </marc:datafield>
          <marc:datafield tag="" ind1=" " ind2=" ">
            <marc:subfield code="a">Namensnennung - Weitergabe unter gleichen Bedingungen 4.0 International (CC BY-SA 4.0)</marc:subfield>
          </marc:datafield>
        </marc:record>
      </metadata>
    </record>
  </GetRecord>
</OAI-PMH>
